[Event "IBCA Wch Blind and Visually imp U22"]
[Site "Solec Zdroj"]
[Date "2018.08.22"]
[Round "8.5"]
[White "Aryan, B Joshi"]
[Black "Diaz de la Guia, Luis"]
[Result "1/2-1/2"]
[WhiteElo "1623"]
[BlackElo "1718"]
[PlyCount "82"]
[EventDate "2018.08.14"]
[EventType "swiss"]
[EventRounds "9"]
[EventCountry "POL"]
[SourceTitle "EXT 2024"]
[Source "ChessBase"]
[SourceDate "2023.10.10"]
[SourceVersion "1"]
[SourceVersionDate "2023.10.10"]
[SourceQuality "1"]

1. e4 d6 2. d4 Nf6 3. Nc3 Nbd7 4. Nf3 e5 5. Bc4 Be7 6. 0-0 0-0 7. h3 c6 8. a4 b6 9. Re1 Bb7 10. Ba2 a6 11. Be3 Qc7 12. Qd2 b5 13. Bg5 b4 14. Nd1 c5 15. d5 a5 16. Bc4 Ba6 17. Bxa6 Rxa6 18. c4 Re8 19. b3 Bf8 20. Nh4 h6 21. Bxf6 Nxf6 22. g4 Nh7 23. Nf5 Qd8 24. h4 Be7 25. g5 hxg5 26. hxg5 Bxg5 27. Qd3 g6 28. Ng3 Ra7 29. Kg2 f6 30. Rh1 Rg7 31. Ne3 Bxe3 32. fxe3 Kf7 33. Raf1 Rh8 34. Qe2 Ng5 35. Rxh8 Qxh8 36. Qg4 Ke7 37. Rh1 Rh7 38. Rxh7+ Qxh7 39. Qc8 Qh4 40. Qc7+ Ke8 41. Qc8+ Ke7 1/2-1/2

[Event "IBCA Wch Blind and Visually imp U22"]
[Site "Solec Zdroj"]
[Date "2018.08.21"]
[Round "7.7"]
[White "Diaz de la Guia, Luis"]
[Black "Tryjanska, Emilia"]
[Result "1-0"]
[WhiteElo "1718"]
[BlackElo "1045"]
[PlyCount "45"]
[EventDate "2018.08.14"]
[EventType "swiss"]
[EventRounds "9"]
[EventCountry "POL"]
[SourceTitle "EXT 2024"]
[Source "ChessBase"]
[SourceDate "2023.10.10"]
[SourceVersion "1"]
[SourceVersionDate "2023.10.10"]
[SourceQuality "1"]

1. d4 d5 2. Nf3 Nf6 3. c4 e6 4. Nc3 c5 5. e3 Nc6 6. a3 a5 7. b3 Be7 8. Be2 0-0 9. 0-0 b6 10. Bb2 Qc7 11. Qc2 Rd8 12. Rfd1 Bd6 13. Nb5 Qb8 14. Bd3 e5 15. Nxd6 e4 16. Nxe4 dxe4 17. Bxe4 Nxe4 18. Qxe4 Bb7 19. d5 Na7 20. Qg4 g6 21. Qg5 Qd6 22. Be5 Qf8 23. Qf6 1-0

[Event "IBCA Wch Blind and Visually imp U22"]
[Site "Solec Zdroj"]
[Date "2018.08.17"]
[Round "4.3"]
[White "Diaz de la Guia, Luis"]
[Black "Johansson, William"]
[Result "1/2-1/2"]
[WhiteElo "1718"]
[BlackElo "1448"]
[PlyCount "66"]
[EventDate "2018.08.14"]
[EventType "swiss"]
[EventRounds "9"]
[EventCountry "POL"]
[SourceTitle "EXT 2024"]
[Source "ChessBase"]
[SourceDate "2023.10.10"]
[SourceVersion "1"]
[SourceVersionDate "2023.10.10"]
[SourceQuality "1"]

1. d4 Nf6 2. Nc3 d5 3. Bg5 Nbd7 4. Qd3 c5 5. 0-0-0 c4 6. Qg3 Qa5 7. Kb1 b5 8. Bxf6 Nxf6 9. e4 dxe4 10. Qe5 a6 11. Bxc4 Qd8 12. Bd5 Nxd5 13. Qxd5 Qxd5 14. Nxd5 Ra7 15. Ne2 Bg4 16. Rd2 g6 17. Nec3 Bh6 18. Ne3 Bf5 19. b3 b4 20. Ncd5 a5 21. c3 bxc3 22. Nxc3 0-0 23. g4 Bc8 24. Nxe4 Bb7 25. d5 e6 26. Nc3 Re8 27. Nb5 Raa8 28. Nc7 exd5 29. Ncxd5 Bxd5 30. Rxd5 Bxe3 31. fxe3 Rxe3 32. a3 a4 33. Rd4 Kg7 1/2-1/2

[Event "IBCA Wch blind U20"]
[Site "Podgorica"]
[Date "2015.08.20"]
[Round "1"]
[White "Diaz de la Guia, Luis"]
[Black "Prachurya, Kumar Pradhan"]
[Result "0-1"]
[WhiteElo "1793"]
[BlackElo "1520"]
[PlyCount "36"]
[EventDate "2015.08.20"]
[EventType "swiss"]
[EventRounds "9"]
[EventCountry "MNE"]
[SourceTitle "EXT 2017"]
[Source "ChessBase"]
[SourceDate "2016.10.25"]
[SourceVersion "1"]
[SourceVersionDate "2016.10.25"]
[SourceQuality "1"]

1. d4 Nf6 2. Nc3 d5 3. Bg5 Nbd7 4. Qd3 c5 5. 0-0-0 c4 6. Qf3 h6 7. Bd2 e6 8. e4 b5 9. exd5 Bb7 10. Nxb5 Bxd5 11. Qg3 Rc8 12. Bf4 Qa5 13. Nc7+ Kd8 14. Nxd5 exd5 15. Ne2 Ne4 16. Qf3 Qxa2 17. Nc3 Qa1+ 18. Nb1 c3 0-1

[Event "Linares FEDC-ch 24th"]
[Site "Linares"]
[Date "2014.11.22"]
[Round "7"]
[White "Pimienta Sanchez, Manuel"]
[Black "Diaz de la Guia, Luis"]
[Result "0-1"]
[WhiteElo "1820"]
[BlackElo "1653"]
[PlyCount "76"]
[EventDate "2014.11.16"]
[EventType "swiss"]
[EventRounds "8"]
[EventCountry "ESP"]
[SourceTitle "CBM 163 Extra"]
[Source "ChessBase"]
[SourceDate "2014.12.23"]
[SourceVersion "1"]
[SourceVersionDate "2014.12.23"]
[SourceQuality "1"]

1. d4 d5 2. Nf3 Nf6 3. c4 dxc4 4. Nc3 Bg4 5. e3 e6 6. Bxc4 c6 7. h3 Bh5 8. Qb3 Qb6 9. Ne5 Qxb3 10. Bxb3 Nbd7 11. g4 Bg6 12. Nxg6 hxg6 13. g5 Nd5 14. Nxd5 exd5 15. Bd1 Be7 16. f4 f6 17. gxf6 gxf6 18. h4 0-0-0 19. h5 Rh7 20. Bf3 Rdh8 21. Bd2 f5 22. 0-0-0 gxh5 23. b4 Nf6 24. a4 h4 25. Kb2 Rg8 26. Rdg1 Rg3 27. Bd1 Ne4 28. Rxg3 Nxg3 29. Rg1 Ne4 30. Be1 h3 31. Kb3 h2 32. Rh1 Rh3 33. Kc2 Bxb4 34. Bxb4 Ng3 35. Bf3 Nxh1 36. Bxh1 Rg3 37. a5 Rg1 38. Bf3 Rf1 0-1

[Event "Linares FEDC-ch 24th"]
[Site "Linares"]
[Date "2014.11.21"]
[Round "6"]
[White "Garcia Andrinal, Antonio"]
[Black "Diaz de la Guia, Luis"]
[Result "0-1"]
[WhiteElo "1726"]
[BlackElo "1653"]
[PlyCount "68"]
[EventDate "2014.11.16"]
[EventType "swiss"]
[EventRounds "8"]
[EventCountry "ESP"]
[SourceTitle "CBM 163 Extra"]
[Source "ChessBase"]
[SourceDate "2014.12.23"]
[SourceVersion "1"]
[SourceVersionDate "2014.12.23"]
[SourceQuality "1"]

1. e4 e6 2. d4 d5 3. e5 c5 4. c3 Qb6 5. Nf3 Nc6 6. Bd3 Bd7 7. dxc5 Bxc5 8. 0-0 Qc7 9. Qe2 Nge7 10. Bf4 a6 11. Nbd2 Ng6 12. Bg3 Nce7 13. Nb3 0-0 14. Nbd4 Rac8 15. Ng5 h6 16. Ngf3 b5 17. h4 Bxd4 18. cxd4 Nc6 19. Rac1 Qb6 20. Qe3 Na5 21. b3 b4 22. Bb1 Bb5 23. Rxc8 Rxc8 24. Rc1 Rxc1+ 25. Qxc1 Qc6 26. Qxc6 Nxc6 27. Bxg6 fxg6 28. Bf4 Be2 29. Be3 Bxf3 30. gxf3 Ne7 31. Kg2 Nf5 32. Kh3 h5 33. f4 Kf7 34. f3 Nxe3 0-1

[Event "Linares FEDC-ch 24th"]
[Site "Linares"]
[Date "2014.11.19"]
[Round "4"]
[White "Menendez Solar, Jose Carlos"]
[Black "Diaz de la Guia, Luis"]
[Result "0-1"]
[WhiteElo "1758"]
[BlackElo "1653"]
[PlyCount "62"]
[EventDate "2014.11.16"]
[EventType "swiss"]
[EventRounds "8"]
[EventCountry "ESP"]
[SourceTitle "CBM 163 Extra"]
[Source "ChessBase"]
[SourceDate "2014.12.23"]
[SourceVersion "1"]
[SourceVersionDate "2014.12.23"]
[SourceQuality "1"]

1. d4 Nf6 2. Bg5 d5 3. Nf3 Bf5 4. Nc3 e6 5. e3 Be7 6. Bd3 Bg6 7. Ne5 Nbd7 8. Nxg6 hxg6 9. f4 a6 10. Qf3 c5 11. 0-0 c4 12. Be2 b5 13. a3 Nb6 14. Rad1 Nfd7 15. e4 f6 16. exd5 exd5 17. Nxd5 Rb8 18. Qe4 Nxd5 19. Qxd5 Qc7 20. g3 Qd6 21. Qe4 fxg5 22. fxg5 Rf8 23. Bg4 Kd8 24. Be6 Bxg5 25. Qxg6 Bf6 26. Qg4 Kc7 27. c3 Rbe8 28. d5 Nc5 29. Qe2 Nxe6 30. dxe6 Qxe6 31. Qf2 Qe3 0-1

[Event "IBCA Wch blind U20"]
[Site "Belgrade"]
[Date "2013.08.22"]
[Round "1"]
[White "Darpan, Inani"]
[Black "Diaz de la Guia, Luis"]
[Result "1-0"]
[WhiteElo "2024"]
[BlackElo "1596"]
[PlyCount "51"]
[EventDate "2013.08.22"]
[EventType "swiss"]
[EventRounds "9"]
[EventCountry "SRB"]
[SourceTitle "EXT 2015"]
[Source "ChessBase"]
[SourceDate "2014.11.20"]
[SourceVersion "1"]
[SourceVersionDate "2014.11.20"]
[SourceQuality "1"]

1. e4 d6 2. d4 Nf6 3. Nc3 Nbd7 4. f4 e5 5. Nf3 exd4 6. Qxd4 c6 7. Be3 d5 8. exd5 Bc5 9. Qd3 Qe7 10. Kd2 Bxe3+ 11. Qxe3 Qxe3+ 12. Kxe3 cxd5 13. Kd4 0-0 14. Bd3 Nb6 15. Rhe1 Bd7 16. a4 Bc6 17. a5 Nc4 18. b3 Nd6 19. Ne5 Rfe8 20. g4 h6 21. h4 Rad8 22. a6 Nfe4 23. axb7 Nxc3 24. Nxc6 Nxb7 25. Nxd8 Rxd8 26. Kxc3 1-0

[Event "Benidorm FEDC op 12th"]
[Site "Benidorm"]
[Date "2012.06.17"]
[Round "1.15"]
[White "Diaz de la Guia, Luis"]
[Black "Amores Cano, Victor"]
[Result "1/2-1/2"]
[WhiteElo "1485"]
[BlackElo "1746"]
[PlyCount "32"]
[EventDate "2012.06.17"]
[EventType "swiss"]
[EventRounds "7"]
[EventCountry "ESP"]
[SourceTitle "EXT 2024"]
[Source "ChessBase"]
[SourceDate "2023.10.10"]
[SourceVersion "1"]
[SourceVersionDate "2023.10.10"]
[SourceQuality "1"]

1. d4 Nf6 2. Nc3 g6 3. Bg5 Bg7 4. e4 d6 5. e5 dxe5 6. dxe5 Qxd1+ 7. Rxd1 Ng4 8. h3 Nxe5 9. Nd5 0-0 10. Nxc7 Nbc6 11. Nxa8 Bf5 12. f4 Rxa8 13. fxe5 Bxe5 14. c3 Bg3+ 15. Ke2 f6 16. Be3 Ne5 1/2-1/2

[Event "Benidorm Once Cup tt"]
[Site "Benidorm"]
[Date "2011.11.18"]
[Round "6.4"]
[White "Diaz de la Guia, Luis"]
[Black "De los Heros Torres, Francisco"]
[Result "1/2-1/2"]
[WhiteElo "1476"]
[BlackElo "1642"]
[PlyCount "94"]
[EventDate "2011.11.13"]
[EventType "team-tourn"]
[EventRounds "7"]
[EventCountry "ESP"]
[SourceTitle "CBM 145 Extra"]
[Source "ChessBase"]
[SourceDate "2012.01.03"]
[SourceVersion "1"]
[SourceVersionDate "2012.01.03"]
[SourceQuality "1"]
[WhiteTeam "Alicante"]
[BlackTeam "Madrid II"]
[WhiteTeamCountry "ESP"]
[BlackTeamCountry "ESP"]

1. d4 d5 2. Nc3 Nf6 3. Bg5 e6 4. e4 Be7 5. e5 Nfd7 6. Bxe7 Qxe7 7. f4 c5 8. Nf3 a6 9. Bd3 Nc6 10. dxc5 Nxc5 11. 0-0 Nxd3 12. cxd3 h6 13. d4 Bd7 14. Qd2 Na5 15. Nxd5 exd5 16. Qxa5 Bc6 17. Rfe1 0-0 18. Rac1 Qe6 19. Qd2 Rac8 20. b3 Rc7 21. Rc2 Rfc8 22. Rec1 Qd7 23. h3 Bb5 24. Rxc7 Rxc7 25. Rxc7 Qxc7 26. a4 Bd7 27. g4 h5 28. f5 hxg4 29. hxg4 b5 30. axb5 Bxb5 31. Kg2 a5 32. f6 a4 33. bxa4 Bxa4 34. Qg5 Qc2+ 35. Nd2 Qg6 36. Qxg6 fxg6 37. fxg7 Kxg7 38. Kg3 g5 39. Nf1 Bd7 40. Ne3 Be6 41. Kf2 Kf7 42. Ke2 Ke8 43. Kd3 Kd7 44. Kc3 Kc6 45. Kb4 Kb6 46. Ka4 Ka6 47. Kb4 Kb6 1/2-1/2

[Event "IBCA Wch U20 blind 5th"]
[Site "Uppsala"]
[Date "2009.06.23"]
[Round "5"]
[White "Diaz de la Guia, Luis"]
[Black "Karlsson, Viktoria"]
[Result "1/2-1/2"]
[WhiteElo "1500"]
[BlackElo "1127"]
[PlyCount "70"]
[EventDate "2009.06.20"]
[EventType "swiss"]
[EventRounds "7"]
[EventCountry "SWE"]
[SourceTitle "EXT 2010"]
[Source "ChessBase"]
[SourceDate "2010.11.25"]
[SourceVersion "1"]
[SourceVersionDate "2010.11.25"]
[SourceQuality "1"]

1. e4 e5 2. Nf3 Nc6 3. d4 d6 4. Nc3 g6 5. Bb5 Bg7 6. d5 a6 7. Bxc6+ bxc6 8. dxc6 Ne7 9. Be3 Nxc6 10. Qd5 Bd7 11. 0-0-0 0-0 12. Bg5 Qb8 13. h4 Qb6 14. Be3 Qb7 15. h5 gxh5 16. Rxh5 Rab8 17. b3 Qb4 18. Qd2 Qa3+ 19. Kb1 Bg4 20. Rg5 Bxf3 21. Rxg7+ Kxg7 22. Bh6+ Kf6 23. Qg5+ Ke6 24. Qf5+ Ke7 25. Bg5+ f6 26. Nd5+ Kf7 27. Qxf6+ Ke8 28. Nxc7+ Kd7 29. Qg7+ Kc8 30. Qxf8+ Kb7 31. Qxf3 Nb4 32. Qc3 Qxa2+ 33. Kc1 Qa3+ 34. Kd2 Na2 35. Ra1 Nxc3 1/2-1/2

[Event "IBCA Wch U20 blind 5th"]
[Site "Uppsala"]
[Date "2009.06.21"]
[Round "3"]
[White "Diaz de la Guia, Luis"]
[Black "Escudeiro Tilve, Ramon"]
[Result "0-1"]
[WhiteElo "1500"]
[BlackElo "1929"]
[PlyCount "58"]
[EventDate "2009.06.20"]
[EventType "swiss"]
[EventRounds "7"]
[EventCountry "SWE"]
[SourceTitle "EXT 2010"]
[Source "ChessBase"]
[SourceDate "2010.11.25"]
[SourceVersion "1"]
[SourceVersionDate "2010.11.25"]
[SourceQuality "1"]

1. e4 c5 2. Nf3 e6 3. d4 cxd4 4. Nxd4 Nf6 5. Nc3 Nc6 6. Be3 Bb4 7. Qd3 d5 8. f3 dxe4 9. fxe4 Ng4 10. Bg1 Nge5 11. Qd2 Bxc3 12. Qxc3 Qh4+ 13. Bf2 Qxe4+ 14. Be3 Ng4 15. 0-0-0 Qxe3+ 16. Rd2 Qe1+ 17. Rd1 Qxc3 18. bxc3 Nf2 19. Bb5 Bd7 20. Rd2 Nxh1 21. Kd1 Nxd4 22. Bxd7+ Kxd7 23. Rxd4+ Ke7 24. Ke1 Rhd8 25. Rb4 Rd7 26. Rh4 h6 27. Rf4 Rad8 28. Ke2 Rd2+ 29. Ke3 Rxc2 0-1

[Event "IBCA Wch U20 blind 5th"]
[Site "Uppsala"]
[Date "2009.06.20"]
[Round "1"]
[White "Yuvarlak, Ugur"]
[Black "Diaz de la Guia, Luis"]
[Result "1-0"]
[WhiteElo "1845"]
[BlackElo "1500"]
[PlyCount "71"]
[EventDate "2009.06.20"]
[EventType "swiss"]
[EventRounds "7"]
[EventCountry "SWE"]
[SourceTitle "EXT 2010"]
[Source "ChessBase"]
[SourceDate "2010.11.25"]
[SourceVersion "1"]
[SourceVersionDate "2010.11.25"]
[SourceQuality "1"]

1. d4 d5 2. c4 dxc4 3. e4 e6 4. Bxc4 Nf6 5. Nc3 Nc6 6. Nf3 Bb4 7. e5 Nd5 8. Bd2 Bxc3 9. bxc3 Nb6 10. Bd3 0-0 11. 0-0 f6 12. exf6 Qxf6 13. Bg5 Qf7 14. Qe2 Nd5 15. Bd2 Bd7 16. Bxh7+ Kh8 17. Bc2 Nf4 18. Qe4 g6 19. Bxf4 Qxf4 20. Qxg6 Rf7 21. Ng5 Rg7 22. Qh6+ Kg8 23. Bh7+ Kf8 24. Nxe6+ Bxe6 25. Qxf4+ Rf7 26. Qh6+ Rg7 27. Qxe6 Rxh7 28. Qf6+ Kg8 29. Rae1 Rf7 30. Qg6+ Rg7 31. Re8+ Rxe8 32. Qxe8+ Kh7 33. Re1 Kh6 34. Qe3+ Kh7 35. Qh3+ Kg8 36. Re8+ 1-0